| 000 | 01408cam a22002891i 4500 | ||
|---|---|---|---|
| 003 | SA-RiAUC | ||
| 005 | 20260220134159.0 | ||
| 008 | 260219q19001999xx g 000 0dara c | ||
| 040 |
_aSA-JeALM _bara _cSA-RiAUC _dSA-MaUQU _erda |
||
| 082 | 0 | 4 |
_a239.2 _qSA-RiAUC |
| 090 |
_aم ن 239.2 _bج م ل |
||
| 100 | 1 |
_aالجمل، محمد بن أحمد بن علي، _dتوفي بعد 1308 هجري _eمؤلف. |
|
| 245 | 1 | 0 |
_aحاشية تحفة العلماء الأفاضل ونخبة الفضلاء الأواخر والأوائل المسماة بهجة الفكر على مولد الإمام إبن حجر / _cمحمد بن أحمد بن على الجمل. |
| 250 | _aالطبعة الأولى. | ||
| 264 | 1 |
_aطنطا, مصر : _bالكمال الاحمديه، _c[1904] |
|
| 300 |
_a164 صفحة ؛ _c29 سم |
||
| 336 |
_aنص _btxt _2rdacontent _3كتاب |
||
| 337 |
_aبدون وسيط _bn _2rdamedia |
||
| 338 |
_aمجلد _bnc _2rdacarrier |
||
| 600 | 0 | 7 |
_aمحمد (صلى الله عليه وسلم)، _d53 قبل الهجرة-11 هجري _2aucnm |
| 650 | 7 |
_aالسيرة النبوية _2aucsh |
|
| 650 | 7 |
_aالمولد النبوي _2aucsh |
|
| 700 | 1 | 2 |
_aابن حجر الهيتمي، أحمد بن محمد بن علي، _d909-974 هجري |
| 740 | 0 | 2 | _aمولد النبي صلى الله عليه وسلم. |
| 942 |
_2ddc _cRBOOK COPY _n0 |
||
| 949 |
_aSA-JeALM _d260219 _umohamedma123 _n1 |
||
| 999 |
_c14412 _d14412 |
||